EU Health and Safety Directive (Record no. 68099)
[ view plain ]
| 000 -LEADER | |
|---|---|
| fixed length control field | 00915cam a2200217 4500 |
| 001 - CONTROL NUMBER | |
| control field | WB3732-23 |
| 008 - FIXED-LENGTH DATA ELEMENTS--GENERAL INFORMATION | |
| fixed length control field | 010828n2001 000 0 eng u |
| 035 ## - SYSTEM CONTROL NUMBER | |
| System control number | (Sirsi) u114358 |
| 245 ## - TITLE STATEMENT | |
| Title | EU Health and Safety Directive |
| 260 ## - PUBLICATION, DISTRIBUTION, ETC. | |
| Date of publication, distribution, etc. | 2001 |
| 490 ## - SERIES STATEMENT | |
| Series statement | RICS European Alert |
| Volume/sequential designation | August 2001, 3(1) |
| 520 ## - SUMMARY, ETC. | |
| Summary, etc. | The EU has adopted a Directive amending Directive 80/655/EEC on the minimum health and safety requirements for the use of work equipment by employees in the workplace. The amendments relate specifically to the use of work equipment provided for temporary work at height. A copy of the legislation can be viewed at: http://www.europa.eu.int/eurlex/en/dat/2001/l_195/l_19520010719en00460049.pdf |
| 590 ## - LOCAL NOTE (RLIN) | |
| Local note | WB |
| 650 ## - SUBJECT ADDED ENTRY--TOPICAL TERM | |
| Topical term or geographic name entry element | DIRECTIVE 80/655/EEC |
| 650 ## - SUBJECT ADDED ENTRY--TOPICAL TERM | |
| Topical term or geographic name entry element | AMENDMENTS |
| 650 ## - SUBJECT ADDED ENTRY--TOPICAL TERM | |
| Topical term or geographic name entry element | WORKPLACE |
| 650 ## - SUBJECT ADDED ENTRY--TOPICAL TERM | |
| Topical term or geographic name entry element | LADDERS |
| 650 ## - SUBJECT ADDED ENTRY--TOPICAL TERM | |
| Topical term or geographic name entry element | SCAFFOLDING |
| 690 ## - LOCAL SUBJECT ADDED ENTRY--TOPICAL TERM (OCLC, RLIN) | |
| Topical term or geographic name as entry element | Health and safety |
| 9 (RLIN) | 6244 |
| 942 ## - ADDED ENTRY ELEMENTS (KOHA) | |
| Suppress in OPAC | 0 |
| Withdrawn status | Lost status | Source of classification or shelving scheme | Damaged status | Not for loan | Home library | Current library | Shelving location | Date acquired | Total Checkouts | Full call number | Barcode | Date last seen | Copy number | Price effective from | Koha item type |
|---|---|---|---|---|---|---|---|---|---|---|---|---|---|---|---|
| Dewey Decimal Classification | London | London | News article | 28/08/2001 | WB3732-23 | 114358-1001 | 06/08/2019 | 1 | 06/08/2019 | News article |